Estadísticas para Prueba de la República del Congo

Haz click aquí para tomar la prueba!

Estadísticas generales

  • Esta prueba ha sido tomada 161 veces
  • La puntuación promedio es 10 de 14

Estadísticas de respuestas

PistaRespuesta% Correcto
El río en el que se encuentranCongo
94%
Idioma oficialFrancés
88%
La línea de latitud en la que se encuentra el CongoEcuador
87%
CapitalBrazzaville
84%
Gran ciudad al sur de la capitalKinsasa
84%
País que limita con la República del Congo al oesteGabón
84%
Golfo limítrofeGolfo de {Guinea}
81%
"ismo" que fue la ideología oficial del país de 1969 a 1992Marxismo-Leninismo
78%
¿El 87% de las exportaciones es qué?Petróleo
63%
La respuesta anterior es el río más ______ del mundoProfundo
60%
Grupo indígena de baja estatura que se enfrenta a
una discriminación y una esclavitud extremas
Pigmeos
58%
Cultivo básico también conocido como yucaMandioca
39%
La segunda ciudad más pobladaPointe-{Noire}
34%
Grupo étnico de la mitad de la poblaciónKongo
29%

Distribución de puntuación

Porcentaje por número respondido

Porcentaje de gente con cada puntuación

Historial de tus puntuaciones

No has tomado esta prueba